Panduan lengkap & hikmah 7 solat sunat utama

Bibliographic Details
Other Authors: Abdul Majid Omar
Format: Book
Published: Kuala Lumpur : Jasmin Enterprise , 2006
Subjects:

MARC

LEADER 00000cam a2200000 7i4500
001 0000013040
005 20080312.0
008 080107
020 |a 9832087600 
090 0 0 |a 297.382   |b PAN 
245 1 0 |a Panduan lengkap & hikmah 7 solat sunat utama   |c Penyusun Abdul Majid Omar 
246 0 |a Panduan lengkap dan hikmah tujuh solat sunat utama 
260 |a Kuala Lumpur :   |b Jasmin Enterprise ,   |c 2006 
650 0 |a Islam   |x Prayer and devotions 
650 0 |a Prayer   |x Islam 
700 0 |a Abdul Majid Omar 
740 0 |a Panduan lengkap dan hikmah tujuh solat sunat utama 
999 |a 0001009294   |b Book   |c Adult Collection   |e Cawangan Batu Pahat 
999 |a 0001009296   |b Book   |c Adult Collection   |e Perbadanan Perpustakaan Awam Johor 
999 |a 0001009523   |b Book   |c Adult Collection   |e Perbadanan Perpustakaan Awam Johor 
999 |a 0001009524   |b Book   |c Adult Collection   |e Cawangan Bukit Gambir